[Event "Challenge"]
[Site "http://www.queenalice.com/game.php?id=159530"]
[Date "2007.1.26"]
[Round "-"]
[White "alucard_kill"]
[Black "alvarogoulart"]
[Result "1-0"]
[WhiteElo "1792"]
[BlackElo "1720"]

1. e4 e5 2. f4 exf4 3. Nf3 Bc5 4. d4 Bd6 5. e5 Bb4+ 6. c3 Ba5 7. Bd3 f6 8. O-O
d6 9. exf6 Qxf6 10. Qa4+ Bd7 11. Qxa5 Nc6 12. Qxc7 Nge7 13. Nbd2 b6 14. Ne4 Qe6
15. Nfg5 Qg4 16. Nxd6+ Kf8 17. Rxf4+ Qxf4 18. Bxf4 Bg4 19. h3 Bh5 20. Be4 h6 21.
Ne6+ Kg8 22. Bxc6 1-0

[Event "Challenge"]
[Site "http://www.queenalice.com/game.php?id=164494"]
[Date "2007.2.6"]
[Round "-"]
[White "jocachess"]
[Black "alucard_kill"]
[Result "1-0"]
[WhiteElo "1807"]
[BlackElo "1872"]

1. Nf3 Nf6 2. d3 g6 3. Bg5 d5 4. Nc3 Bg7 5. g3 h6 6. Bxf6 Bxf6 7. Bg2 c6 8. e4
Qb6 9. Rb1 Bxc3+ 10. bxc3 Qa5 11. exd5 cxd5 12. Qd2 Nc6 13. O-O g5 14. d4 g4 15.
Nh4 Qxa2 16. Rfe1 Qa5 17. Qd3 e6 18. Ng6 fxg6 19. Qxg6+ Kf8 20. Qf6+ Kg8 21.
Rxe6 Bxe6 22. Qxe6+ Kf8 23. Rxb7 1-0

[Event "AUTO-OPEN-563"]
[Site "http://www.queenalice.com/game.php?id=170925"]
[Date "2007.2.19"]
[Round "1"]
[White "Lucasprates"]
[Black "alucard_kill"]
[Result "0-1"]
[WhiteElo "1424"]
[BlackElo "1866"]

1. e4 c5 2. Nf3 Nc6 3. d4 cxd4 4. Nxd4 e6 5. Nxc6 bxc6 6. Nc3 d5 7. exd5 exd5 8.
Bf4 Bc5 9. Bd3 Qe7+ 10. Qe2 Qxe2+ 11. Bxe2 Nf6 12. O-O O-O 13. Rfe1 Bf5 14. Bd1
Rfe8 0-1

[Event "AUTO-OPEN-563"]
[Site "http://www.queenalice.com/game.php?id=170926"]
[Date "2007.2.19"]
[Round "1"]
[White "alucard_kill"]
[Black "Lucasprates"]
[Result "1-0"]
[WhiteElo "1866"]
[BlackElo "1424"]

1. e4 e5 2. Nf3 Nc6 3. Bb5 d6 4. Bxc6+ bxc6 5. d4 Nf6 6. Nc3 Ba6 7. dxe5 dxe5 8.
Qxd8+ Rxd8 9. Nxe5 Rd6 10. Nf3 Rd8 11. Bg5 Be7 12. Ne5 Bb7 13. O-O O-O 14. Ng4
Ba6 15. Rfd1 1-0

[Event "AUTO-OPEN-563"]
[Site "http://www.queenalice.com/game.php?id=170945"]
[Date "2007.2.19"]
[Round "1"]
[White "bloodrayne"]
[Black "alucard_kill"]
[Result "0-1"]
[WhiteElo "1376"]
[BlackElo "1886"]

1. e4 c6 2. d4 d5 3. e5 Bf5 4. h3 e6 5. Bd3 Bxd3 6. Qxd3 c5 7. c3 cxd4 8. cxd4
Nc6 9. a3 Nge7 10. b4 Qb6 11. Be3 Nf5 12. Nf3 a5 13. bxa5 Qxa5+ 14. Bd2 Qa6 15.
Qxa6 Rxa6 16. O-O Ncxd4 17. Nxd4 Nxd4 18. Bc1 Ne2+ 19. Kh1 d4 0-1

[Event "AUTO-OPEN-563"]
[Site "http://www.queenalice.com/game.php?id=170957"]
[Date "2007.2.19"]
[Round "1"]
[White "alucard_kill"]
[Black "ricurvello"]
[Result "0-1"]
[WhiteElo "1824"]
[BlackElo "1956"]

1. e4 e5 2. f4 exf4 3. Nf3 Nc6 4. Bc4 Bc5 5. d4 Bb4+ 6. c3 Ba5 7. Bxf4 Nf6 8.
O-O Nxe4 9. Bxf7+ Kxf7 10. Ng5+ Kg8 11. Nxe4 d5 12. Nbd2 Bb6 13. Kh1 Bf5 14. Ng3
Bg6 15. Qg4 Qc8 16. Qf3 Qd7 17. Bg5 h6 18. Bh4 Kh7 19. Ne2 Rhe8 20. Nf4 Bf7 21.
Qg3 Qf5 22. Nh3 Qd7 23. a4 a6 0-1

[Event "AUTO-OPEN-563"]
[Site "http://www.queenalice.com/game.php?id=170958"]
[Date "2007.2.19"]
[Round "1"]
[White "ricurvello"]
[Black "alucard_kill"]
[Result "1-0"]
[WhiteElo "1944"]
[BlackElo "1836"]

1. e4 Nf6 2. e5 Nd5 3. d4 d6 4. c4 Nb6 5. Nf3 Nc6 6. Be2 dxe5 7. d5 e4 8. dxc6
exf3 9. Bxf3 Qxd1+ 10. Kxd1 Rb8 11. b3 bxc6 12. Bxc6+ Bd7 13. Bxd7+ Nxd7 14. Ba3
Ne5 15. Ke2 Nc6 16. Rd1 e5 17. Bxf8 Rxf8 18. Nc3 Nd4+ 19. Kf1 f6 20. Nd5 c6 21.
Ne3 Kf7 22. g3 Rfd8 23. Kg2 e4 24. Rf1 f5 25. Rac1 g6 26. Nc2 1-0

[Event "AUTO-ADV-413"]
[Site "http://www.queenalice.com/game.php?id=170982"]
[Date "2007.2.19"]
[Round "1"]
[White "alucard_kill"]
[Black "boco"]
[Result "0-1"]
[WhiteElo "1866"]
[BlackElo "2129"]

1. e4 e6 2. d4 d5 3. Nc3 Nf6 4. e5 Nfd7 5. f4 c5 6. Nf3 Nc6 7. Bb5 a6 8. Bxc6
bxc6 9. O-O cxd4 10. Nxd4 c5 11. Nf3 Be7 12. b3 O-O 13. Qd3 Bb7 14. Kh1 f6 15.
exf6 Bxf6 16. Bd2 Qc7 17. Rae1 Rae8 18. a3 h6 19. Qg6 c4 20. Ne2 a5 21. Ned4
cxb3 22. Nxe6 Qxc2 23. Nxf8 Rxf8 24. Qg4 Rf7 25. Bxa5 b2 26. Bb4 Ba6 27. Rg1 d4
28. Re8+ Kh7 29. f5 g5 30. Nd2 Bd3 31. Qh5 Rg7 32. Qf3 Bxf5 0-1

[Event "AUTO-ADV-413"]
[Site "http://www.queenalice.com/game.php?id=170983"]
[Date "2007.2.19"]
[Round "1"]
[White "boco"]
[Black "alucard_kill"]
[Result "1-0"]
[WhiteElo "2151"]
[BlackElo "1813"]

1. d4 d5 2. c4 c6 3. Nf3 Nf6 4. g3 dxc4 5. Bg2 Bf5 6. Nbd2 Qa5 7. O-O c3 8. Qb3
cxb2 9. Bxb2 Nbd7 10. Qxb7 Rb8 11. Qxc6 e6 12. Bc3 Qb5 13. Qxb5 Rxb5 14. Rfc1
Ba3 15. Nc4 Be7 16. Nfe5 Be4 17. Nxd7 Kxd7 18. Ne5+ Ke8 19. f3 Bb7 20. e4 Rb6
21. Rab1 Ba6 22. Bf1 Ba3 23. Rxb6 axb6 24. Rb1 Bxf1 25. Kxf1 Nd7 26. Nxd7 Kxd7
27. Rxb6 Rc8 28. Rb3 Ra8 29. Bb2 Bxb2 30. Rxb2 Ra4 31. Rd2 g5 32. Ke2 Kd6 33. h4
h6 34. hxg5 hxg5 35. g4 f6 36. Kf2 Ra3 37. Kg3 Ra4 38. d5 exd5 39. exd5 Ra5 40.
Kf2 1-0

[Event "AUTO-ADV-413"]
[Site "http://www.queenalice.com/game.php?id=170984"]
[Date "2007.2.19"]
[Round "1"]
[White "alucard_kill"]
[Black "bloodrayne"]
[Result "1-0"]
[WhiteElo "1841"]
[BlackElo "1277"]

1. e4 e5 2. Nf3 d6 3. d4 Bg4 4. dxe5 Bxf3 5. Qxf3 dxe5 6. Bc4 Qf6 7. Qb3 b6 8.
O-O Nd7 9. Bg5 Qg6 10. Rd1 Ngf6 11. Bxf6 Nxf6 12. Qb5+ Ke7 13. Qxe5# 1-0

[Event "AUTO-ADV-413"]
[Site "http://www.queenalice.com/game.php?id=170985"]
[Date "2007.2.19"]
[Round "1"]
[White "bloodrayne"]
[Black "alucard_kill"]
[Result "0-1"]
[WhiteElo "1376"]
[BlackElo "1886"]

1. e4 d5 2. exd5 Nf6 3. c4 c6 4. dxc6 Nxc6 5. d3 e5 6. Bd2 Bc5 7. Bc3 O-O 8. Be2
Qb6 9. Nf3 Bxf2+ 10. Kf1 Ng4 11. Bd2 Qxb2 12. Bc3 Ne3+ 13. Kxf2 Nxd1+ 14. Rxd1
Qb6+ 15. Kf1 Bg4 16. Nbd2 f6 17. Ne4 Rab8 18. Rab1 Qa6 19. h3 Bf5 0-1

[Event "AUTO-ADV-413"]
[Site "http://www.queenalice.com/game.php?id=170986"]
[Date "2007.2.19"]
[Round "1"]
[White "alucard_kill"]
[Black "nandolessa"]
[Result "1-0"]
[WhiteElo "1849"]
[BlackElo "1774"]

1. e4 e5 2. f4 exf4 3. Nf3 Bc5 4. d4 Bb4+ 5. c3 Be7 6. Bd3 Bh4+ 7. Kf1 Nh6 8.
Bxf4 O-O 9. Bxh6 gxh6 10. e5 d6 11. Qe2 Bg4 12. Qe4 f5 13. exf6 Rf7 14. Qxg4+
Bg5 15. h4 Qxf6 16. hxg5 Qxg5 17. Qxg5+ hxg5 18. Bc4 1-0

[Event "AUTO-ADV-413"]
[Site "http://www.queenalice.com/game.php?id=170987"]
[Date "2007.2.19"]
[Round "1"]
[White "nandolessa"]
[Black "alucard_kill"]
[Result "0-1"]
[WhiteElo "1757"]
[BlackElo "1859"]

1. e4 e5 2. Nf3 Nc6 3. Bb5 a6 4. Bxc6 dxc6 5. h3 Bc5 6. O-O Qd6 7. d3 Be6 8. Nc3
f6 9. Re1 O-O-O 10. a3 Ne7 11. Na4 Ba7 12. Be3 Bxe3 13. Rxe3 b6 14. b4 h5 15.
Nh4 g5 16. Nf5 Nxf5 17. exf5 Bxf5 18. c4 Qd4 19. Ra2 Qxc4 20. Rd2 Qe6 21. d4 Qd7
22. f3 exd4 23. g4 dxe3 24. Rxd7 Bxd7 25. Qd3 b5 26. Nc5 Bxg4 27. Qxe3 Rhe8 28.
Qc3 Re2 29. Kf1 Rh2 30. Nd3 Bxh3+ 31. Kg1 Re2 32. Nc1 Rd1+ 0-1

[Event "AUTO-OPEN-484"]
[Site "http://www.queenalice.com/game.php?id=179828"]
[Date "2007.3.10"]
[Round "2"]
[White "pajabraba69"]
[Black "alucard_kill"]
[Result "0-1"]
[WhiteElo "1777"]
[BlackElo "1873"]

1. e4 c5 2. Nf3 d6 3. d4 cxd4 4. Nxd4 Nf6 5. Nc3 a6 6. Bg5 Nbd7 7. Bc4 h6 8. Bh4
g5 9. Bg3 b5 10. Bd3 e5 11. Nf5 Nc5 12. O-O b4 13. Nd5 Nxd5 14. exd5 e4 15. Bxe4
Nxe4 16. Re1 Bxf5 17. f3 Bg7 18. fxe4 Bd7 19. Bxd6 Qb6+ 20. Kh1 Qxd6 0-1

[Event "AUTO-OPEN-484"]
[Site "http://www.queenalice.com/game.php?id=179829"]
[Date "2007.3.10"]
[Round "2"]
[White "alucard_kill"]
[Black "pajabraba69"]
[Result "0-1"]
[WhiteElo "1855"]
[BlackElo "1777"]

1. e4 e5 2. f4 Bc5 3. Nf3 d6 4. fxe5 dxe5 5. c3 Bg4 6. Qa4+ Qd7 7. Qb5 Qxb5 8.
Bxb5+ Bd7 9. Bxd7+ Nxd7 10. d4 exd4 11. cxd4 Bb4+ 12. Bd2 Bxd2+ 13. Nbxd2 O-O-O
14. Rc1 h6 15. O-O g5 16. d5 g4 17. Nd4 Ne5 18. Nb5 c6 19. Nc4 Nxc4 20. Rxc4 Kb8
21. dxc6 bxc6 22. Nd4 Rd7 0-1

[Event "AUTO-OPEN-484"]
[Site "http://www.queenalice.com/game.php?id=179834"]
[Date "2007.3.10"]
[Round "2"]
[White "alucard_kill"]
[Black "grandeuberlandia"]
[Result "0-1"]
[WhiteElo "1886"]
[BlackElo "2320"]

1. d4 d5 2. c4 c6 3. Nc3 Nf6 4. e3 Bf5 5. cxd5 Nxd5 6. Qb3 Nb6 7. e4 Be6 8. Qd1
g6 9. Nf3 Bg7 10. Be2 Bg4 11. Be3 O-O 12. O-O N8d7 13. e5 Be6 14. Ng5 Bc4 15.
Bxc4 Nxc4 16. Qe2 Ndb6 17. b3 Nxe3 18. fxe3 Qc8 19. Nge4 f6 20. exf6 exf6 21.
Nd6 Qd7 22. Nc4 Nd5 23. Rac1 Rae8 24. Nxd5 cxd5 25. Nd2 f5 26. Qf2 Qe6 27. Rfe1
Bh6 28. Rc3 b5 29. b4 Rc8 30. Rc5 Rxc5 31. bxc5 Re8 32. Nf1 f4 33. Qh4 Kg7 0-1

[Event "AUTO-OPEN-484"]
[Site "http://www.queenalice.com/game.php?id=179835"]
[Date "2007.3.10"]
[Round "2"]
[White "grandeuberlandia"]
[Black "alucard_kill"]
[Result "1-0"]
[WhiteElo "2321"]
[BlackElo "1884"]

1. d4 Nf6 2. Nf3 g6 3. c4 Bg7 4. Nc3 O-O 5. g3 d6 6. Bg2 c5 7. O-O cxd4 8. Nxd4
Qb6 9. Ndb5 a6 10. Be3 Qd8 11. Na7 Ng4 12. Nxc8 Nxe3 13. Nxe7+ Qxe7 14. fxe3
Bxc3 15. bxc3 Nc6 16. Rb1 Qxe3+ 17. Rf2 Qe7 18. Bd5 Rab8 19. Qd2 Ne5 20. Rbf1
Kg7 21. Rf6 b6 22. Qf4 h6 23. Qh4 Rbe8 24. Qd4 Kh7 25. Qxb6 Nd7 26. Rxf7+ Rxf7
27. Rxf7+ Qxf7 28. Bxf7 Nxb6 29. Bxe8 Nxc4 30. Kf2 Kg7 31. Bc6 Kf6 32. e4 Ne5
33. Bb7 1-0